Noticia del establecimiento y uso del cementerio extramuros del Real Sitio de San Ildefonso. (Record no. 42956)

MARC details
000 -LEADER
campo de control de longitud fija 01038nam a2200229 i 4500
001 - NÚMERO DE CONTROL
campo de control 42956
003 - IDENTIFICADOR DE NÚMERO DE CONTROL
campo de control ES-MaACL
005 - FECHA Y HORA DE LA ÚLTIMA TRANSACCIÓN
campo de control 20230906160716.0
007 - CAMPO FIJO DE DESCRIPCIÓN FÍSICA--INFORMACIÓN GENERAL
campo de control de longitud fija t|
008 - DATOS DE LONGITUD FIJA--INFORMACIÓN GENERAL
campo de control de longitud fija 030314s1790 sp ||||1| spa d
080 ## - NÚMERO DE LA CLASIFICACIÓN DECIMAL UNIVERSAL
Número de la Clasificación Decimal Universal 351.776(460.188 San Ildefonso)"17"
245 00 - MENCIÓN DEL TÍTULO
Título Noticia del establecimiento y uso del cementerio extramuros del Real Sitio de San Ildefonso.
260 ## - PUBLICACIÓN, DISTRIBUCIÓN, ETC.
Lugar de publicación, distribución, etc. Madrid :
Nombre del editor, distribuidor, etc. En la Imprenta Real,
Fecha de publicación, distribución, etc. 1790.
300 ## - DESCRIPCIÓN FÍSICA
Extensión 23 p., [1] h. de lám. :
Otras características físicas il. ;
Dimensiones 18 cm.
597 ## - NOTA DE DESCRIPCIÓN FÍSICA
NOTA DE DESCRIPCIÓN FÍSICA Sign.: [A]-C4.
597 ## - NOTA DE DESCRIPCIÓN FÍSICA
NOTA DE DESCRIPCIÓN FÍSICA Portada con escudo real xilográfico.
599 ## - NOTA A LAS ILUSTRACIONES
NOTA A LAS ILUSTRACIONES La h. de lámina es un grabado calcográfico representa un plano del cementerio y capilla del Real sitio de San Ildefoso.
599 ## - NOTA A LAS ILUSTRACIONES
NOTA A LAS ILUSTRACIONES La il. es un grabado calcográfico: "Alf. Reg. Rodr. dib. De la Cruz sculp.
610 24 - PUNTO DE ACCESO ADICIONAL DE MATERIA--NOMBRE DE ENTIDAD CORPORATIVA
Nombre de entidad corporativa o nombre de jurisdicción como elemento de entrada Palacio de la Granja (Real Sitio de San Ildefonso)
9 (RLIN) 162664
650 #4 - PUNTO DE ACCESO ADICIONAL DE MATERIA--TÉRMINO DE MATERIA
Término de materia o nombre geográfico como elemento de entrada Cementerios-
Subdivisión geográfica Real Sitio de San Ildefonso-
Subdivisión de forma Historia.
9 (RLIN) 163555
852 4# - LOCALIZACIÓN
Ubicación ES-MaACL
Número de control de estantería T-20-F-19
Nota libre Enc. hol., falto de cub. original
-- - Enc. en un vol. facticio
Holdings
Estatus retirado Estado de pérdida Estado de daño No para préstamo Colección Biblioteca de origen Biblioteca actual Ubicación en estantería Fecha de adquisición Fuente de adquisición Total de préstamos Signatura topográfica completa Código de barras Visto por última vez Precio de reemplazo Tipo de ítem Koha
        Colección de folletos Biblioteca del Ateneo de Madrid Biblioteca del Ateneo de Madrid Depósito folletos 17/01/2008     T-20-F-19 1045214 23/02/2023 23/02/2023 Folleto